| 000 | 00551nam a2200193 u 4500 | ||
|---|---|---|---|
| 001 | 000261461 | ||
| 003 | AM-YeHGA | ||
| 005 | 20250618071741.0 | ||
| 008 | 030912s1975 ai r 000 0 arm d | ||
| 040 | _aAM-YeHGA | ||
| 090 | _aԿ-75 | ||
| 100 | 1 |
_aԿոստանյան, Ալբերտ Հովհաննեսի _98946 |
|
| 245 | 1 | 0 |
_aԼող / _cԱ. Կոստանյան, Ի. Սաֆարյան. |
| 260 |
_aԵրևան : _bՀայաստան, _c1975. |
||
| 300 | _a189 էջ. | ||
| 650 | 1 | 4 |
_aՍպորտ _xԼող |
| 700 | 1 | _aՍաֆարյան, Ա. | |
| 090 | _c95906 | ||
| 999 |
_c94605 _d94605 |
||